Smerovanie Číny v časoch globálnej finančnej krízy (na príklade energetického sektora)
Rast HDP Číny v období globálnej finančnej krízy. Smerovanie čínskeho hospodárstva. Investície do energetiky ako kľúčového odvetvia ekonomiky. Výzvy pre trvalo udržateľný rast. Umiernená monetárna politika Číny.
Na minha lista:
| Autor principal: | |
|---|---|
| Formato: | Capítulo de Livro |
| Idioma: | eslovaco |
| Assuntos: | |
| Tags: |
Sem tags, seja o primeiro a adicionar uma tag!
|
MARC
| LEADER | 00000nla$a2200000$$$4500 | ||
|---|---|---|---|
| 001 | 0112168 | ||
| 005 | 20240502072238.1 | ||
| 041 | 0 | |a slo | |
| 044 | |a SK | ||
| 245 | 1 | 0 | |a Smerovanie Číny v časoch globálnej finančnej krízy (na príklade energetického sektora) |c Silvia Szökeová |
| 520 | |a Rast HDP Číny v období globálnej finančnej krízy. Smerovanie čínskeho hospodárstva. Investície do energetiky ako kľúčového odvetvia ekonomiky. Výzvy pre trvalo udržateľný rast. Umiernená monetárna politika Číny. | ||
| 610 | 2 | 0 | |a rast hospodársky |
| 610 | 2 | 0 | |a produkt domáci hrubý |
| 610 | 2 | 0 | |a vývoz |
| 610 | 2 | 0 | |a energetika |
| 610 | 2 | 0 | |a kríza finančná |
| 610 | 2 | 0 | |a rozvoj trvalo udržateľný |
| 610 | 2 | 0 | |a Čína |
| 100 | 1 | |a Szökeová, Silvia | |